00712nam a2200205 a 450000100100000000500170001000800410002702000150006804000250008308200130010810000370012124500300015826000790018830000200026749000290028759000260031683000360034295201110037899900170048900004254320201002040226.0131211s1991 sp 000 0 spa d a8479691131 aDO-SdBNPbspacBNPHU axxxbxxx1 aJames, Henry,d1843-1916.91281913aEl Alumno /cHenry James. a[Madrid] :bCompañía Europea de Comunicación e Información,c1991. a95 p. ;c19 cm.1 aBiblioteca de el solv94 aInventariado, 2019/VM 0aBiblioteca de el soln94969781 001050718MOaGRbGRcHDd2013-12-11iLF1l0oxxx xxxp42543-10r2020-06-25w2020-06-25y1ZNo se presta c42032d42032